000 00646cai a22001815a 4500
001 L148032
008 090715u xxk g 000 0 eng d
035 _a(Sirsi) u148032
041 0 _aeng
110 2 _aREA Group
_95771
245 0 0 _aPropertyfinder.com
_h[electronic resource]
520 _aProvides resources and information on buying, selling, letting or renting properties in the United Kingdom and worldwide. Links to overseas propery websites.
590 _aKA
651 4 _aInternational
690 _aPROPERTY-PROPERTY MARKET
856 4 0 _uhttps://www.propertyfinder.com/
_zView the website at www.propertyfinder.com/...
942 _n0
999 _c120812
_d120812